<?xml version="1.0" encoding="UTF-8"?>
<record
    xmlns:xsi="http://www.w3.org/2001/XMLSchema-instance"
    xsi:schemaLocation="http://www.loc.gov/MARC21/slim http://www.loc.gov/standards/marcxml/schema/MARC21slim.xsd"
    xmlns="http://www.loc.gov/MARC21/slim">

  <leader>00698nam a22002417a 4500</leader>
  <controlfield tag="001"> 37335 </controlfield>
  <controlfield tag="003">UA-OsUOA</controlfield>
  <controlfield tag="005">20201218222329.0</controlfield>
  <controlfield tag="007">ta</controlfield>
  <controlfield tag="008">20060306b un ||||| |||| 00| 0 ukr d</controlfield>
  <datafield tag="020" ind1=" " ind2=" ">
    <subfield code="a">966-574-119-5</subfield>
  </datafield>
  <datafield tag="040" ind1=" " ind2=" ">
    <subfield code="a">UA-OsUOA</subfield>
    <subfield code="b">ukr</subfield>
    <subfield code="c">UA-OsUOA</subfield>
    <subfield code="d">UA-OsUOA</subfield>
  </datafield>
  <datafield tag="041" ind1=" " ind2=" ">
    <subfield code="a">ukr</subfield>
  </datafield>
  <datafield tag="080" ind1=" " ind2=" ">
    <subfield code="a">339.1(075.8)</subfield>
  </datafield>
  <datafield tag="090" ind1=" " ind2=" ">
    <subfield code="a">339.1(075.8)</subfield>
    <subfield code="b">&#x420;69</subfield>
  </datafield>
  <datafield tag="100" ind1=" " ind2=" ">
    <subfield code="a">&#x420;&#x43E;&#x43C;&#x430;&#x448;&#x43A;&#x43E; &#x41E;. &#x42E;.</subfield>
  </datafield>
  <datafield tag="245" ind1=" " ind2=" ">
    <subfield code="a">&#x420;&#x435;&#x433;&#x443;&#x43B;&#x44E;&#x432;&#x430;&#x43D;&#x43D;&#x44F; &#x43C;&#x456;&#x436;&#x43D;&#x430;&#x440;&#x43E;&#x434;&#x43D;&#x438;&#x445; &#x444;&#x43E;&#x43D;&#x434;&#x43E;&#x432;&#x438;&#x445; &#x440;&#x438;&#x43D;&#x43A;&#x456;&#x432;</subfield>
    <subfield code="b">&#x43D;&#x430;&#x432;&#x447;. &#x43F;&#x43E;&#x441;&#x456;&#x431;.</subfield>
  </datafield>
  <datafield tag="260" ind1=" " ind2=" ">
    <subfield code="a">&#x41A;.</subfield>
    <subfield code="b">&#x41A;&#x41D;&#x415;&#x423;</subfield>
    <subfield code="c">2000</subfield>
  </datafield>
  <datafield tag="300" ind1=" " ind2=" ">
    <subfield code="a">240 &#x441;.</subfield>
  </datafield>
  <datafield tag="650" ind1=" " ind2="7">
    <subfield code="a">339.1 &#x417;&#x430;&#x433;&#x430;&#x43B;&#x44C;&#x43D;&#x456; &#x43F;&#x438;&#x442;&#x430;&#x43D;&#x43D;&#x44F; &#x442;&#x43E;&#x440;&#x433;&#x456;&#x432;&#x43B;&#x456;. &#x420;&#x438;&#x43D;&#x43E;&#x43A;</subfield>
    <subfield code="2">UDC</subfield>
  </datafield>
  <datafield tag="942" ind1=" " ind2=" ">
    <subfield code="c">BK</subfield>
    <subfield code="2">udc</subfield>
  </datafield>
  <datafield tag="955" ind1=" " ind2=" ">
    <subfield code="a">2</subfield>
  </datafield>
  <datafield tag="999" ind1=" " ind2=" ">
    <subfield code="c">323535</subfield>
    <subfield code="d">323535</subfield>
  </datafield>
  <datafield tag="952" ind1=" " ind2=" ">
    <subfield code="0">0</subfield>
    <subfield code="1">0</subfield>
    <subfield code="2">udc</subfield>
    <subfield code="4">0</subfield>
    <subfield code="7">0</subfield>
    <subfield code="a">102</subfield>
    <subfield code="b">102</subfield>
    <subfield code="d">2006-03-06</subfield>
    <subfield code="e">16/2006</subfield>
    <subfield code="g">15.30</subfield>
    <subfield code="i">95391</subfield>
    <subfield code="l">0</subfield>
    <subfield code="o">339.1(075.8) &#x420;69</subfield>
    <subfield code="p">95391</subfield>
    <subfield code="r">2022-02-06 00:00:00</subfield>
    <subfield code="w">2006-03-06</subfield>
    <subfield code="y">BK</subfield>
  </datafield>
</record>
